000 00315nam a22001457a 4500
020 _a978-9327297942
041 _aENG
100 _aReddy
245 _aPrinciples of Agronomy
260 _adelhi
_bKalyani PUB
_c1997
300 _a515
650 _aAgricultural
700 _aReddi .G.H
856 _uAgricultural
999 _c285
_d285